| 000 | 00609nam a2200169 a 4500 | ||
|---|---|---|---|
| 008 | 100121s1965 ||||||||||||||||| || u | ||
| 020 | _a0444871039 | ||
| 050 | _aQC 175 Kub | ||
| 100 | _aKubo, Ryogo | ||
| 245 | 1 | 0 | _aStatistical mechanics: an advanced course with problems and solutions. |
| 260 |
_aAmsterdam: _bElsevier _c1965 |
||
| 300 | _axii,425p.: ill. | ||
| 350 | _a0.00 | ||
| 650 | 0 | _aPHYSICS | |
| 650 | _aSTATISTICAL MECHANICS | ||
| 995 |
_D0.00 _FCBU-MAIN LIBRARY (Kitwe) _H1 _I0.00 _M1 _UAVAILABLE _WApr 6, 2010 _ZMain Library Open Access Collection |
||
| 999 |
_c58288 _d58288 |
||